Który z tych piłkarzy jest droższy - Statystyki

Ogólne statystyki
  • Ten quiz został rozwiązany 240 razy
  • Średni wynik to 5 z 15
Statystyki odpowiedzi
Zagadnienie Odpowiedź % Poprawnych
Który jest więcej wart? Kylian Mbappe
82%
Który jest więcej wart? Vinicius Junior
82%
Który jest więcej wart? Federico Valverde
64%
Który jest więcej wart? Eder Militao
45%
Który jest więcej wart? Konrad Laimer
41%
Który jest więcej wart? Josko Gvardiol
36%
Który jest więcej wart? Patrik Schick
32%
Który jest więcej wart? Riyad Mahrez
27%
Który jest więcej wart? Ansu Fati
23%
Który jest więcej wart? David Alaba
14%
Który jest więcej wart? Roberto Firmino
9%
Który jest więcej wart? Ruben Dias
9%
Który jest więcej wart? Thomas Lemar
9%
Który jest więcej wart? Kai Havertz
5%
Który jest więcej wart? Franck Kessie
0%
Nie znaleziono quizów pasujących do podanych kryteriów
Rozkład punktacji
Procent ludzi z każdym wynikiem
Percentyl według liczby udzielonych odpowiedzi
Twoja historia wyników
Nie rozwiązałeś tego quizu